LEADER 00941nam0-22003131i-450- 001 990001642950403321 005 20050412084812.0 035 $a000164295 035 $aFED01000164295 035 $a(Aleph)000164295FED01 035 $a000164295 100 $a20030910d19729999km-y0itay50------ba 101 0 $aeng 200 1 $aCerambycidae of North America$fGorton E. Linsley, John A. Chemsak. 210 $aBerkeley and Los Angeles$cUniversity of California Press$d1972- 215 $av.$d26 cm 327 0 $a1: Taxonomy and classification of the subfamily lepturinae, 6. 610 0 $aColeoptera 610 0 $aCerambycidae 676 $a595.76 700 1$aLinsley,$bGorton E.$070546 702 1$aChemsak,$bJohn A. 801 0$aIT$bUNINA$gRICA$2UNIMARC 901 $aBK 912 $a990001642950403321 952 $a60 595.7 B 57$b44434$fFAGBC 959 $aFAGBC 996 $aCerambycidae of North America$9368119 997 $aUNINA LEADER 01365nmm a2200349 i 4500 001 991000570739707536 007 cr nn 008mamaa 008 080331s2008 de j eng d 020 $a9783540784937 035 $ab13877458-39ule_inst 040 $aDip.to Matematica e Fisica$beng 082 04$a532.5$222 084 $aAMS 76M35 100 1 $aAlbeverio, Sergio$044256 245 10$aSPDE in hydrodynamic$h[e-book] :$brecent progress and prospects lectures given at the C.I.M.E. Summer School held in Cetraro, Italy, August 29 - September 3, 2005 /$ceditors, Giuseppe Da Prato, Franco Flandoli, Michael Röckner 260 $aBerlin :$bSpringer,$c2008 300 $bv.: digital 440 0$aLecture Notes in Mathematics,$x0075-8434 ;$v1942 650 0$aDifferential equations, partial 650 0$aDistribution (Probability theory) 650 0$aMathematical physics 700 1 $aFlandoli, Franco 700 1 $aPrato, Giuseppe 700 1 $aRöckner, Michael 700 1 $aSina?, Yakov Grigor?evich 773 0 $aSpringer eBooks 856 40$uhttp://dx.doi.org/10.1007/978-3-540-78493-7$zAn electronic book accessible through the World Wide Web 907 $a.b13877458$b03-03-22$c02-02-10 912 $a991000570739707536 996 $aSPDE in hydrodynamic$9230613 997 $aUNISALENTO 998 $ale013$b02-02-10$cm$d@ $e-$feng$gde $h0$i0